Optimalizácia daňového a odvodového zaťaženia vybraného podniku diplomová práca

Uložené v:
Podrobná bibliografia
Hlavný autor: Uram, Denis
Korporativný autor: Podnikovohospodárska fakulta EU so sídlom v Košiciach. Katedra finančného riadenia podniku
Ďalší autori: Simonidesová, Jana, 1968-
Médium: Kniha
Jazyk:Slovak
Vydavateľské údaje: Košice 2021
Tagy: Pridať tag
Žiadne tagy, Buďte prvý, kto otaguje tento záznam!

MARC

LEADER 00000nbm a2200000 4500
001 0274091
005 20220331141134.4
041 0 |a slo 
044 |a SK 
245 1 0 |a Optimalizácia daňového a odvodového zaťaženia vybraného podniku  |b diplomová práca  |c Denis Uram ; školiteľ: Jana Simonidesová 
264 1 |a Košice  |c 2021 
300 |a 78 s. 
100 1 |a Uram, Denis 
700 1 |a Simonidesová, Jana, 1968- 
710 2 |a Podnikovohospodárska fakulta EU so sídlom v Košiciach. Katedra finančného riadenia podniku